LEADER 01527nam 2200397 n 450 001 996394616803316 005 20200824121719.0 035 $a(CKB)4940000000120837 035 $a(EEBO)2240887272 035 $a(UnM)99836298e 035 $a(UnM)99836298 035 $a(EXLCZ)994940000000120837 100 $a19900904d1569 uy | 101 0 $aeng 135 $aurbn||||a|bb| 200 10$aHenrie Cornelius Agrippa, of the vanitie and vncertaintie of artes and sciences, Englished by Ia. San. Gent ..$b[electronic resource] 210 $aImprinted at London $cBy Henry Wykes dwelling in Fleete streat, at the signe of the blacke Elephant$dAnno 1569 215 $a[8], 187, [3] leaves 300 $aIa. San. = James Sandford. 300 $aRunning title reads: Cornelius Agrippa of the vanitie of sciences. 300 $aWith a final errata leaf and a final contents leaf. 300 $aThe last leaf is blank. 300 $aReproduction of the original in the Henry E. Huntington Library and Art Gallery. 330 $aeebo-0113 606 $aEthics$vEarly works to 1800 615 0$aEthics 700 $aAgrippa von Nettesheim$b Heinrich Cornelius$f1486?-1535.$0489574 701 $aSandford$b James$01009705 801 0$bCu-RivES 801 1$bCu-RivES 801 2$bCStRLIN 801 2$bWaOLN 906 $aBOOK 912 $a996394616803316 996 $aHenrie Cornelius Agrippa, of the vanitie and vncertaintie of artes and sciences, Englished by Ia. San. Gent .$92371281 997 $aUNISA